Fast Math - Tile Select Quiz - Statistics

General Stats
  • This quiz has been taken 134 times
  • The average score is 117 of 160
Answer Stats
Question Tile Select % Correct
6×3 10 No
97%
6×3 11 No
97%
6×3 12 No
97%
6×3 13 No
97%
6×3 14 No
97%
6×3 16 No
97%
6×3 18 Yes
97%
6×3 2 No
97%
6×3 21 No
97%
6×3 3 No
97%
6×3 30 No
97%
6×3 4 No
97%
6×3 5 No
97%
6×3 6 No
97%
6×3 8 No
97%
6×3 9 No
97%
40÷20 10 No
96%
40÷20 12 No
96%
89+99 139 No
96%
40÷20 14 No
96%
89+99 148 No
96%
89+99 149 No
96%
40÷20 15 No
96%
89+99 158 No
96%
89+99 159 No
96%
89+99 159 No
96%
89+99 168 No
96%
89+99 169 No
96%
89+99 171 No
96%
89+99 176 No
96%
89+99 177 No
96%
40÷20 18 No
96%
40÷20 3 No
96%
40÷20 30 No
96%
40÷20 40 No
96%
40÷20 5 No
96%
40÷20 6 No
96%
40÷20 8 No
96%
40÷20 80 No
96%
40÷20 9 No
96%
89+99 100 No
95%
89+99 179 No
95%
89+99 187 No
95%
40÷20 4 No
95%
40÷20 2 Yes
90%
40÷20 20 No
90%
356-79 247 No
90%
356-79 249 No
90%
356-79 250 No
90%
356-79 256 No
90%
356-79 259 No
90%
356-79 300 No
90%
356-79 304 No
90%
356-79 356 No
90%
356-79 379 No
90%
356-79 479 No
90%
89+99 178 No
89%
356-79 255 No
89%
356-79 271 No
89%
89+99 188 Yes
88%
356-79 257 No
88%
224÷7 123 No
86%
224÷7 124 No
86%
224÷7 137 No
86%
224÷7 142 No
86%
224÷7 187 No
86%
224÷7 217 No
86%
224÷7 222 No
86%
356-79 267 No
86%
224÷7 89 No
86%
224÷7 130 No
85%
224÷7 132 No
85%
224÷7 40 No
85%
224÷7 44 No
85%
224÷7 23 No
84%
224÷7 231 No
84%
224÷7 30 No
84%
356-79 278 No
81%
224÷7 32 Yes
75%
411×16 1206 No
73%
411×16 2234 No
73%
411×16 3345 No
73%
411×16 3423 No
73%
411×16 427 No
73%
411×16 476 No
73%
411×16 1256 No
72%
411×16 326 No
72%
411×16 6540 No
72%
356-79 277 Yes
71%
411×16 3412 No
71%
411×16 5546 No
70%
411×16 5676 No
70%
957-378 1330 No
69%
957-378 1335 No
69%
411×16 2576 No
69%
957-378 445 No
69%
957-378 469 No
69%
957-378 564 No
69%
957-378 678 No
69%
957-378 688 No
69%
957-378 709 No
69%
957-378 345 No
68%
957-378 399 No
68%
957-378 478 No
68%
957-378 599 No
68%
957-378 545 No
67%
957-378 568 No
66%
411×16 4412 No
64%
957-378 479 No
63%
411×16 6546 No
63%
789+870 119 No
57%
789+870 1389 No
57%
789+870 1560 No
57%
789+870 1578 No
57%
789+870 1787 No
57%
789+870 1890 No
57%
789+870 1349 No
56%
789+870 1489 No
56%
789+870 1610 No
56%
789+870 1677 No
56%
789+870 199 No
56%
789+870 1549 No
55%
789+870 1599 No
55%
789+870 1879 No
55%
789+870 1559 No
52%
3870÷45 2667 No
46%
3870÷45 31 No
46%
3870÷45 311 No
46%
3870÷45 366 No
46%
3870÷45 444 No
46%
957-378 579 Yes
46%
3870÷45 187 No
45%
3870÷45 244 No
45%
3870÷45 326 No
45%
3870÷45 3915 No
45%
3870÷45 455 No
45%
3870÷45 478 No
45%
3870÷45 225 No
44%
3870÷45 584 No
44%
3870÷45 85 No
44%
3870÷45 90 No
41%
99×99 199 No
40%
99×99 2089 No
40%
99×99 2339 No
40%
99×99 3446 No
40%
99×99 4566 No
40%
99×99 4699 No
40%
99×99 5788 No
40%
99×99 6879 No
40%
99×99 3939 No
39%
99×99 579 No
39%
99×99 6898 No
39%
99×99 7901 No
39%
99×99 9882 No
39%
99×99 8989 No
38%
99×99 9799 No
38%
789+870 1659 Yes
34%
411×16 6576 Yes
32%
3870÷45 86 Yes
18%
99×99 9801 Yes
16%
No matching quizzes found
Score Distribution
Percent of People with Each Score
Percentile by Number Answered
Your Score History
You have not taken this quiz